LDR 01075naa#a2200241#i#450# 001 EN\\bibl\121642 005 20260513141854.3 011 ## _a0536-101X 100 ## _a20251226b2025####ek#y0engy0150####ca 101 0# _aRUS 102 ## _aRU 200 1# _aAssessment of the Negative Impact on the Lands of Urban Recreational Areas (Using the Example of the Uralsk Culture and Recreation Park) _eJournal article 210 1# _aMoscow _cMIIGAiK _d2025 215 ## _a10 с. 608 ## _aJournal article _2local 675 ## _aПрирода и общество. Охрана природы (защита окружающей природной среды) в целом. 502.3 _zRUS 686 ## _aАнтропогенное воздействие на ландшафт. Охрана и оптимизация ландшафта. 87.29 _2grnti 700 #1 _aTasanova _gZhadyra Bayzhanovna 700 #1 _aSizov _gAleksandr Pavlovich 700 #1 _aDzhigil'dieva _gZhanylsyn Gumarovna 700 #1 _aUtegalieva _gNurgul' Habibullovna 700 #1 _aMuhitov _gMiras Gadelzhanovich 856 4# _amiigaik.editorum.ru _u